<?xml version="1.0" encoding="UTF-8"?>
<record
    xmlns:xsi="http://www.w3.org/2001/XMLSchema-instance"
    xsi:schemaLocation="http://www.loc.gov/MARC21/slim http://www.loc.gov/standards/marcxml/schema/MARC21slim.xsd"
    xmlns="http://www.loc.gov/MARC21/slim">

  <leader>01000nab a2200253 uc4500</leader>
  <controlfield tag="001">164338</controlfield>
  <controlfield tag="005">20241210090837.0</controlfield>
  <controlfield tag="008">980227e19970501                    spa  </controlfield>
  <datafield tag="035" ind1=" " ind2=" ">
    <subfield code="a">164338</subfield>
  </datafield>
  <datafield tag="035" ind1=" " ind2=" ">
    <subfield code="a">(OCoLC)819760085</subfield>
  </datafield>
  <datafield tag="040" ind1=" " ind2=" ">
    <subfield code="c">comduadb</subfield>
  </datafield>
  <datafield tag="041" ind1=" " ind2=" ">
    <subfield code="a">spa</subfield>
  </datafield>
  <datafield tag="245" ind1="1" ind2="3">
    <subfield code="a">La defensa del Nihilismo posmoderno realizada por G. Vattimo.Observaciones desde el pensamiento de M.F. Sciacca</subfield>
  </datafield>
  <datafield tag="600" ind1="1" ind2="0">
    <subfield code="a">Sciacca, Michele Federico,</subfield>
    <subfield code="d">1908-1975</subfield>
    <subfield code="4">aut</subfield>
    <subfield code="9">241413</subfield>
  </datafield>
  <datafield tag="600" ind1=" " ind2="4">
    <subfield code="a">Vattimo, Gianni,</subfield>
    <subfield code="d">1936-</subfield>
    <subfield code="4">aut</subfield>
    <subfield code="0">(isni)0000000121473403</subfield>
    <subfield code="0">(viaf)109371686</subfield>
    <subfield code="9">239498</subfield>
  </datafield>
  <datafield tag="650" ind1=" " ind2=" ">
    <subfield code="a">Vattimo, Gianni, 1936-</subfield>
    <subfield code="9">52148</subfield>
  </datafield>
  <datafield tag="650" ind1=" " ind2=" ">
    <subfield code="a">Sciacca, Miguel Federico</subfield>
    <subfield code="9">52149</subfield>
  </datafield>
  <datafield tag="650" ind1=" " ind2="7">
    <subfield code="a">Nihilismo</subfield>
    <subfield code="2">lemb</subfield>
    <subfield code="9">7135</subfield>
  </datafield>
  <datafield tag="650" ind1=" " ind2="7">
    <subfield code="a">Postmodernismo</subfield>
    <subfield code="2">lemb</subfield>
    <subfield code="9">83854</subfield>
  </datafield>
  <datafield tag="650" ind1=" " ind2="7">
    <subfield code="a">Modernidad</subfield>
    <subfield code="2">lemb</subfield>
    <subfield code="9">32635</subfield>
  </datafield>
  <datafield tag="700" ind1="1" ind2="0">
    <subfield code="a">Daros, William Roberto</subfield>
    <subfield code="4">aut</subfield>
    <subfield code="e">aut</subfield>
    <subfield code="9">299445</subfield>
  </datafield>
  <datafield tag="773" ind1="0" ind2=" ">
    <subfield code="t">Revista de Filosof&#xED;a. Universidad Iberoamericana (M&#xE9;xico)</subfield>
    <subfield code="g">Volumen 30, N&#xFA;mero 089, Mayo-Agosto 1997, p. 151-187</subfield>
    <subfield code="w">106978</subfield>
    <subfield code="x">0185-3481</subfield>
    <subfield code="0">92043</subfield>
  </datafield>
  <datafield tag="942" ind1=" " ind2=" ">
    <subfield code="c">ARIMP</subfield>
  </datafield>
  <datafield tag="999" ind1=" " ind2=" ">
    <subfield code="c">175119</subfield>
    <subfield code="d">175119</subfield>
  </datafield>
</record>
